| 000 | 00710nam a2200253Ia 4500 | ||
|---|---|---|---|
| 003 | OSt | ||
| 005 | 20221006142920.0 | ||
| 006 | a|||||r|||| 00| 0 | ||
| 007 | ta | ||
| 008 | 221006b |||||||| |||| 00| 0 eng d | ||
| 020 |
_c _8.50 |
||
| 024 | _a7,524 | ||
| 037 | _cTextual | ||
| 040 |
_aEASL _cEASL _beng |
||
| 041 |
_2eng _aeng |
||
| 082 | _aV42:3(X).N5, K7 | ||
| 100 | _aHOLLERMAN Leon | ||
| 245 | 0 |
_aJapan's dependence on the world economy _b The approach toward economic libralization |
|
| 260 |
_aPrinceton _bPrinceton University Press _c1967 |
||
| 300 |
_a291p. _ccm. |
||
| 490 | _v JEL | ||
| 942 |
_hV42:3(X).N5, K7 _cTEXL _2CC |
||
| 999 |
_c1075610 _d1075610 |
||